Tendencie zdokonaľovania platobnej schopnosti komerčných poisťovní v Slovenskej republike autoreferát dizertačnej práce

Na minha lista:
Detalhes bibliográficos
Autor principal: Bozsnyáková, Erika, 1972-
Autor Corporativo: Vedecká rada Národohospodárskej fakulty EU v Bratislave
Outros Autores: Majtánová, Anna
Formato: Livro
Idioma:eslovaco
Publicado em: Bratislava 2000
Assuntos:
Tags: Adicionar Tag
Sem tags, seja o primeiro a adicionar uma tag!

MARC

LEADER 00000nam a2200000 4500
001 c140603
005 20240502071323.7
041 0 |a slo 
044 |a SK 
245 1 0 |a Tendencie zdokonaľovania platobnej schopnosti komerčných poisťovní v Slovenskej republike  |b autoreferát dizertačnej práce  |c Erika Bozsnyáková ; škol. Anna Majtánová 
264 1 |a Bratislava  |c 2000 
300 |a 24 s. 
610 2 0 |a poisťovne komerčné 
610 2 0 |a solventnosť 
610 2 0 |a Slovensko 
610 2 0 |a poisťovníctvo 
610 2 0 |a poisťovne 
610 2 0 |a poistné 
610 2 0 |a porovnanie medzinárodné 
610 2 0 |a Maďarsko 
610 2 0 |a Európska únia 
610 2 0 |a USA 
100 1 |a Bozsnyáková, Erika, 1972- 
700 1 |a Majtánová, Anna 
710 2 |a Vedecká rada Národohospodárskej fakulty EU v Bratislave